Los mestizos de América / (Record no. 118629)

MARC details
000 -LEADER
campo de control de longitud fija 00640nam a2200193 i 4500
001 - NÚMERO DE CONTROL
campo de control 118629
003 - IDENTIFICADOR DE NÚMERO DE CONTROL
campo de control ES-MaACL
005 - FECHA Y HORA DE LA ÚLTIMA TRANSACCIÓN
campo de control 20231228062659.0
007 - CAMPO FIJO DE DESCRIPCIÓN FÍSICA--INFORMACIÓN GENERAL
campo de control de longitud fija t|
008 - DATOS DE LONGITUD FIJA--INFORMACIÓN GENERAL
campo de control de longitud fija 070214s1948 sp r ||||1| spa d
100 1# - ENTRADA PRINCIPAL--NOMBRE DE PERSONA
Nombre de persona Pérez de Barradas, José.
9 (RLIN) 90766
245 14 - MENCIÓN DEL TÍTULO
Título Los mestizos de América /
Mención de responsabilidad, etc. José Pérez de Barradas ; prólogo de D. Gregorio Marañón.
260 ## - PUBLICACIÓN, DISTRIBUCIÓN, ETC.
Lugar de publicación, distribución, etc. Madrid :
Nombre del editor, distribuidor, etc. Cultura Clásica y Moderna,
Fecha de publicación, distribución, etc. 1948.
300 ## - DESCRIPCIÓN FÍSICA
Extensión XV, 204 p. lám. ;
Dimensiones 25 cm.
650 #4 - PUNTO DE ACCESO ADICIONAL DE MATERIA--TÉRMINO DE MATERIA
Término de materia o nombre geográfico como elemento de entrada Mestizaje-
Subdivisión geográfica América española.
9 (RLIN) 152480
700 1# - ENTRADA AGREGADA--NOMBRE PERSONAL
Nombre de persona Marañón, Gregorio,
Fechas asociadas al nombre 1887-1960
9 (RLIN) 76311
852 ## - LOCALIZACIÓN
Ubicación ES-MaACL
Número de control de estantería C-5258
Sublocalización o colección R.26029
Holdings
Estatus retirado Estado de pérdida Estado de daño No para préstamo Biblioteca de origen Biblioteca actual Ubicación en estantería Fecha de adquisición Fuente de adquisición Total de préstamos Signatura topográfica completa Código de barras Visto por última vez Precio de reemplazo Tipo de ítem Koha
        Biblioteca del Ateneo de Madrid Biblioteca del Ateneo de Madrid Sala Palomar 17/01/2008     C-5258 1123668 23/02/2023 23/02/2023 Libro impreso